[Event "Challenge"]
[Site "http://www.queenalice.com/game.php?id=460969"]
[Date "2008.9.10"]
[Round "-"]
[White "borisp"]
[Black "Tailor_Raniere_Waiandt"]
[Result "1-0"]
[WhiteElo "1873"]
[BlackElo "1224"]

1. e4 e5 2. Nf3 Nc6 3. d4 f6 4. d5 Nce7 5. Nc3 Ng6 6. a3 c6 7. dxc6 bxc6 8. g3
d6 9. Qd3 Rb8 10. h4 h5 11. Be3 Bg4 12. Bxa7 Nf4 13. gxf4 exf4 14. Bxb8 Qxb8 15.
O-O-O c5 16. Nd5 Bd7 17. Nxf4 Bb5 18. Qxb5+ Qxb5 19. Bxb5+ Kf7 20. a4 Nh6 21.
Bc4+ Ke8 22. Ng6 Rg8 23. Bxg8 d5 24. Bxd5 Bd6 25. Be6 Bf4+ 26. Nxf4 g5 27. Nd5
Ng8 28. Bxg8 Kf8 29. Nxf6 g4 30. Ng5 c4 31. Rd8+ Ke7 32. Rhd1 Kxf6 33. R1d5 c3
34. e5+ Kf5 35. Rf8+ Kg6 36. Bf7+ Kf5 37. Bxh5# 1-0

[Event "Challenge"]
[Site "http://www.queenalice.com/game.php?id=467250"]
[Date "2008.9.23"]
[Round "-"]
[White "Tailor_Raniere_Waiandt"]
[Black "decimator"]
[Result "0-1"]
[WhiteElo "1224"]
[BlackElo "2030"]

1. d4 d5 2. Nc3 Nf6 3. Nf3 Nc6 4. g3 Bg4 5. Ng5 h6 6. Nf3 e6 7. e3 Bb4 8. Qd2
Bxf3 9. Rg1 Ne4 10. a3 Nxd2 11. Kxd2 Bxc3+ 12. bxc3 Na5 13. Ke1 c5 14. dxc5 a6
15. Rb1 Qc7 16. c4 dxc4 17. Rb4 Qxc5 18. Rb3 cxb3 19. cxb3 Qxc1# 0-1

[Event "Challenge"]
[Site "http://www.queenalice.com/game.php?id=467447"]
[Date "2008.9.23"]
[Round "-"]
[White "Tailor_Raniere_Waiandt"]
[Black "eduardopiveta"]
[Result "0-1"]
[WhiteElo "1224"]
[BlackElo "1500"]

1. d4 Nf6 2. Nf3 g6 3. g3 Bg7 4. e3 O-O 5. Bh3 c5 6. dxc5 Qa5+ 7. Bd2 Qxc5 8.
O-O d6 9. Bxc8 Rxc8 10. Nh4 Ne4 11. Be1 Bxb2 12. Nd2 Nxd2 13. Qxd2 Bxa1 14. Qd1
Bf6 15. Nf3 Qxc2 16. Qd5 Qc6 17. Qb3 Qxf3 18. Qb5 Qc6 19. Qb4 Na6 20. a4 Nxb4
21. Bxb4 Qxa4 22. Rb1 a5 23. Bd2 Qc2 24. Ra1 Bxa1 25. Be1 Qe4 26. h4 Rc1 27. f3
Qxe3+ 28. Kg2 Rxe1 29. Kh3 Rh1+ 30. Kg2 Qg1# 0-1

[Event "Challenge"]
[Site "http://www.queenalice.com/game.php?id=468464"]
[Date "2008.9.25"]
[Round "-"]
[White "Tailor_Raniere_Waiandt"]
[Black "decimator"]
[Result "0-1"]
[WhiteElo "1188"]
[BlackElo "2067"]

1. d4 d5 2. Nc3 Nf6 3. Bg5 Nc6 4. Nf3 Bg4 5. h3 Bxf3 6. Bxf6 exf6 7. exf3 Bb4 8.
Bb5 O-O 9. Bxc6 bxc6 10. O-O Bxc3 11. bxc3 Qd6 12. g3 c5 13. dxc5 Qxc5 14. Qd3
Rfd8 15. Rfe1 Rd6 16. Re2 Re6 17. Rxe6 fxe6 18. g4 Rb8 19. Qa6 Qb6 20. Qxb6 Rxb6
21. h4 Rb2 22. Re1 Kf7 23. g5 f5 24. h5 g6 25. hxg6+ hxg6 26. Rd1 Rxc2 27. Kf1
Rxc3 28. Ke1 Ke7 29. Kd2 Rxf3 30. Ke2 Ra3 31. Rd2 c5 32. Rd3 Rxa2+ 33. Rd2 Rxd2+
34. Kxd2 Kd6 35. Ke2 d4 36. f3 e5 37. Ke1 e4 38. fxe4 fxe4 39. Kd1 Ke5 40. Ke2
Kf5 41. Kd2 Kxg5 42. Ke2 Kf4 43. Kd2 e3+ 44. Ke2 a5 45. Ke1 d3 46. Kd1 Kf3 47.
Ke1 c4 48. Kd1 Kf2 49. Kc1 e2 50. Kb2 e1=Q 51. Ka3 Qb4+ 52. Ka2 d2 53. Ka1 d1=Q+
54. Ka2 Qc2+ 55. Ka1 Qbb2# 0-1

[Event "Challenge"]
[Site "http://www.queenalice.com/game.php?id=474097"]
[Date "2008.10.7"]
[Round "-"]
[White "Tailor_Raniere_Waiandt"]
[Black "eduardopiveta"]
[Result "0-1"]
[WhiteElo "1188"]
[BlackElo "1717"]

1. d4 Nf6 2. Nf3 g6 3. g3 Bg7 4. Bg2 O-O 5. O-O d6 6. Bg5 Na6 7. Qd3 c5 8. Bxf6
Bxf6 9. Ne1 Bxd4 10. b4 Bxa1 11. Bd5 Nxb4 12. Qc4 Nxd5 13. Qxd5 Bg7 14. Nd3 e6
15. Qe4 d5 16. Qa4 c4 17. Nc5 b6 18. Qc6 Rb8 19. Na4 Bd7 20. Qd6 Bxa4 21. Qxd8
Rfxd8 22. Rc1 Bf8 23. Nc3 b5 24. Rd1 Bxc2 25. Rc1 Bf5 26. Rd1 Bb4 27. Nxb5 Rxb5
28. Rb1 Bxb1 29. Kg2 Be4+ 30. f3 Bxf3+ 31. Kxf3 c3 32. e4 dxe4+ 33. Kxe4 c2 34.
Kf4 c1=Q+ 35. Kg4 Rd4+ 36. Kh3 Qf1# 0-1

[Event "Challenge"]
[Site "http://www.queenalice.com/game.php?id=481798"]
[Date "2008.10.23"]
[Round "-"]
[White "Tailor_Raniere_Waiandt"]
[Black "lcchaves13"]
[Result "0-1"]
[WhiteElo "1180"]
[BlackElo "1206"]

1. d4 Nc6 2. Nf3 e6 3. e3 Nb4 4. Bd2 Nd5 5. Bb5 a6 6. Ba4 b5 7. Bb3 f5 8. a4 c6
9. Ne5 Bb7 10. Qh5+ g6 11. Qf3 Nb4 12. O-O c5 13. Bxb4 cxb4 14. Qxb7 d6 15. Nf7
Rb8 16. Qa7 Qc8 17. Nxh8 Rb7 18. Qxa6 Ne7 19. axb5 Bg7 20. Nxg6 hxg6 21. c3 Qb8
22. b6 Rxb6 23. Qc4 Rb5 24. Qxe6 Kf8 25. c4 Rb6 26. Nc3 Rc6 27. Nd5 Nxd5 28. Ra5
Ne7 29. Ba4 Rc7 30. Rb5 Rb7 31. Rxb7 Qxb7 32. Rd1 Qa8 33. Qxd6 Qxa4 34. Rf1 Qa2
35. Qxb4 g5 36. c5 Nc6 37. Qb6 Na7 38. Qg6 Qxb2 39. Qa6 Qb8 40. Qg6 Nb5 41. Rd1
Nc3 42. Rc1 Ne2+ 43. Kf1 Nxc1 44. Qxf5+ Ke7 45. Qxg5+ Bf6 46. Qg4 Qxh2 47. f4
Qh1+ 48. Kf2 Nd3+ 49. Kf3 Ne1+ 50. Ke2 Nxg2 51. c6 Kd6 52. d5 Bd8 53. e4 Ne1 54.
Qg6+ Kc5 55. Qf7 Qxe4+ 56. Kd1 Nd3 57. Qf8+ Be7 58. Qa8 Bd6 59. Qb7 Qxd5 60. Qf7
Qxf7 61. c7 Bxc7 62. Kd2 Nxf4 63. Kc3 Ba5+ 64. Kb2 Nd3+ 65. Kc2 Kc4 66. Kb1 Kb3
67. Ka1 Qf1# 0-1

[Event "Challenge"]
[Site "http://www.queenalice.com/game.php?id=484286"]
[Date "2008.10.28"]
[Round "-"]
[White "Tailor_Raniere_Waiandt"]
[Black "chuckvondra"]
[Result "0-1"]
[WhiteElo "1180"]
[BlackElo "1986"]

1. d4 Nf6 2. Nf3 g6 3. g3 d5 4. c3 Bg7 5. Bg2 O-O 6. Bg5 Nbd7 7. O-O c6 8. Bh3
Re8 9. Bxd7 Bxd7 10. Kg2 Qc8 11. Kh1 Bh3 12. Rg1 Ng4 13. Qe1 Qf5 14. Bh4 e5 15.
a4 e4 16. Na3 exf3 17. Nc2 Rxe2 18. Qd1 Nxf2# 0-1

[Event "Challenge"]
[Site "http://www.queenalice.com/game.php?id=485870"]
[Date "2008.10.31"]
[Round "-"]
[White "Tailor_Raniere_Waiandt"]
[Black "eduardopiveta"]
[Result "0-1"]
[WhiteElo "1180"]
[BlackElo "1736"]

1. Nf3 Nf6 2. g3 g6 3. Bh3 Bg7 4. O-O O-O 5. b3 d6 6. d3 Bxh3 7. Re1 Ng4 8. Qd2
Bxa1 9. Ba3 Bg7 10. c4 Ne5 11. Nxe5 Bxe5 12. Qg5 Nc6 13. Qh4 Bd7 14. Qh6 Bg7 15.
Qg5 e5 16. Qxd8 Raxd8 17. Bc1 a6 18. Bg5 Ra8 19. Nc3 Nd4 20. Nd5 Ne6 21. Ne7+
Kh8 22. e4 Nd4 23. b4 c6 24. c5 dxc5 25. bxc5 Rae8 26. Rb1 h6 27. Be3 Rxe7 28.
Rb4 Nc2 29. Bd2 Nxb4 30. a3 Nxd3 31. f3 Nxc5 32. Bb4 b6 33. f4 Rd8 34. fxe5 Rxe5
35. g4 Rxe4 36. h3 Bxg4 37. hxg4 Rxg4+ 38. Kh2 Rd1 39. Kh3 Rc4 40. Bxc5 Rd3+ 41.
Kg2 Rc2+ 42. Bf2 Bd4 43. a4 Rxf2+ 44. Kh1 Rd1# 0-1

[Event "Challenge"]
[Site "http://www.queenalice.com/game.php?id=487988"]
[Date "2008.11.4"]
[Round "-"]
[White "Tailor_Raniere_Waiandt"]
[Black "borisp"]
[Result "0-1"]
[WhiteElo "1180"]
[BlackElo "1714"]

1. Nf3 d5 2. g3 Nc6 3. Bg2 e5 4. O-O e4 5. Nh4 Be7 6. e3 Bxh4 7. gxh4 Qxh4 8. d4
Qg5 9. b3 Bh3 10. c4 Qxg2# 0-1

[Event "Challenge"]
[Site "http://www.queenalice.com/game.php?id=488072"]
[Date "2008.11.5"]
[Round "-"]
[White "Tailor_Raniere_Waiandt"]
[Black "chuckvondra"]
[Result "0-1"]
[WhiteElo "1180"]
[BlackElo "1988"]

1. Nf3 Nf6 2. g3 e6 3. Bg2 d5 4. O-O Be7 5. d4 O-O 6. b3 Nc6 7. Ba3 Bxa3 8. Nxa3
a6 9. Ne5 Qe7 10. Nxc6 bxc6 11. c4 Qxa3 12. Qc1 Qxc1 13. Raxc1 Ra7 14. e3 a5 15.
Rcd1 Ba6 16. f3 dxc4 17. bxc4 Bxc4 18. Rf2 Nd5 19. Rc1 Bb5 20. Bh3 Nxe3 21. Rc3
Nd5 22. Rc5 Rd8 23. f4 Nb4 24. g4 Nd3 25. Rf3 Nxc5 26. f5 Rxd4 27. fxe6 Nxe6 28.
Rf5 Nf4 29. Re5 Kf8 30. Re3 Rd1+ 31. Kf2 Nxh3+ 32. Rxh3 Rd2+ 33. Ke3 Rd3+ 34.
Kf2 Rxh3 35. Kg2 Ra3 36. h3 Ra8 37. g5 Rd8 38. h4 Rd2+ 39. Kh1 Raxa2 40. Kg1
Rd1# 0-1

[Event "Challenge"]
[Site "http://www.queenalice.com/game.php?id=493224"]
[Date "2008.11.14"]
[Round "-"]
[White "borisp"]
[Black "Tailor_Raniere_Waiandt"]
[Result "1-0"]
[WhiteElo "1674"]
[BlackElo "1208"]

1. e4 e5 2. Nf3 Nc6 3. d4 Bd6 4. d5 Nb4 5. a3 Na6 6. Nc3 Nf6 7. Bg5 O-O 8. Nh4
c6 9. Bxf6 Qxf6 10. Nf5 Bc7 11. Qg4 Ba5 12. b4 Bxb4 13. axb4 Nxb4 14. Rc1 Na2
15. Nxa2 b6 16. h4 cxd5 17. h5 g6 18. hxg6 Qxg6 19. Ne7+ Kh8 20. Nxg6+ fxg6 21.
Qxg6 d6 22. Qxh7# 1-0

[Event "Challenge"]
[Site "http://www.queenalice.com/game.php?id=493364"]
[Date "2008.11.14"]
[Round "-"]
[White "Tailor_Raniere_Waiandt"]
[Black "Kuroi"]
[Result "0-1"]
[WhiteElo "1210"]
[BlackElo "1621"]

1. Nf3 d5 2. d4 Nf6 3. Nc3 e6 4. e3 g6 5. b3 Bg7 6. Ba3 a5 7. Bb5+ c6 8. Ba4 b5
9. Nxb5 cxb5 10. Bxb5+ Bd7 11. Bxd7+ Nbxd7 12. c4 Ne4 13. O-O Qf6 14. Qd3 Qf5
15. c5 Nexc5 16. Qxf5 gxf5 17. Bxc5 e5 18. dxe5 Nxc5 19. b4 axb4 20. Rac1 Nd3
21. Rcd1 Ra3 22. Rd2 O-O 23. Nd4 Bxe5 24. Nxf5 Bf6 25. Rfd1 b3 26. axb3 Nb4 27.
Rc1 Rxb3 28. f3 Bc3 29. Re2 Re8 30. Nh6+ Kg7 31. Nxf7 d4 32. Nd6 Rxe3 33. Rf2
Re1+ 34. Rxe1 Bxe1 35. Rf1 Nd3 36. Nf5+ Kf6 37. Nxd4 Rb1 38. f4 Bf2+ 39. Kh1
Rxf1# 0-1

[Event "Challenge"]
[Site "http://www.queenalice.com/game.php?id=493369"]
[Date "2008.11.14"]
[Round "-"]
[White "chuckvondra"]
[Black "Tailor_Raniere_Waiandt"]
[Result "1-0"]
[WhiteElo "2004"]
[BlackElo "1206"]

1. e4 e5 2. Nf3 Nc6 3. Bb5 Nb4 4. Nxe5 f6 5. Qh5+ g6 6. Nxg6 hxg6 7. Qxg6+ Ke7
8. e5 fxe5 9. d4 Nxc2+ 10. Qxc2 c6 11. Bg5+ Nf6 12. dxe5 cxb5 13. Bxf6+ Ke8 14.
Bxd8 Kxd8 15. O-O b6 16. Nc3 Ba6 17. Qe4 Rb8 18. Rfe1 Bb7 19. Qf5 Bc8 20. Qf6+
Be7 21. Qxh8+ Kc7 22. Nd5+ Kc6 23. Nxe7+ Kb7 24. Rac1 Ka6 25. Rxc8 Rb7 26. Nd5
b4 27. Qh4 b5 28. Qxb4 d6 29. Qa3# 1-0

[Event "Challenge"]
[Site "http://www.queenalice.com/game.php?id=493702"]
[Date "2008.11.15"]
[Round "-"]
[White "Tailor_Raniere_Waiandt"]
[Black "eduardopiveta"]
[Result "0-1"]
[WhiteElo "1218"]
[BlackElo "1725"]

1. d4 Nf6 2. Nf3 g6 3. g3 Bg7 4. Bg2 O-O 5. O-O d6 6. e3 Na6 7. Na3 c5 8. dxc5
Nxc5 9. Nb5 a6 10. Nbd4 e5 11. Ne2 Bd7 12. Qxd6 Nce4 13. Qd1 Re8 14. Ne1 Qc8 15.
Qd3 Bc6 16. Nc3 Nc5 17. Qc4 Bxg2 18. Kxg2 Qc6+ 19. Kg1 Rac8 20. b4 Ne6 21. Qb3
Qxc3 22. Bb2 Qxb3 23. axb3 Ne4 24. Rd1 Bf8 25. Bxe5 b5 26. Ng2 Rxc2 27. f3 N4g5
28. h4 Nh3+ 29. Kh2 Nf2 30. Ra1 Ra8 31. f4 Ng4+ 32. Kh3 Rxg2 33. Kxg2 Nxe3+ 34.
Kf2 Nxf1 35. Kxf1 Bxb4 36. Rc1 Re8 0-1

[Event "Challenge"]
[Site "http://www.queenalice.com/game.php?id=494480"]
[Date "2008.11.17"]
[Round "-"]
[White "reniflex"]
[Black "Tailor_Raniere_Waiandt"]
[Result "0-1"]
[WhiteElo "1197"]
[BlackElo "1202"]

1. e4 e5 2. Nc3 Nc6 3. Nf3 Nf6 4. Bb5 Bb4 5. Bxc6 dxc6 6. Nb1 Nxe4 7. Nxe5 O-O
8. c3 Bd6 9. f3 Bxe5 10. fxe4 Qg5 11. d4 Bg4 12. Qc2 Bf4 13. h4 Bg3+ 14. Kf1
Qf6+ 15. Bf4 Qxf4+ 16. Kg1 Qe3+ 17. Kf1 f5 18. Nd2 fxe4+ 19. Nf3 Rxf3+ 0-1

[Event "Challenge"]
[Site "http://www.queenalice.com/game.php?id=495101"]
[Date "2008.11.18"]
[Round "-"]
[White "Kuroi"]
[Black "Tailor_Raniere_Waiandt"]
[Result "1-0"]
[WhiteElo "1649"]
[BlackElo "1204"]

1. e4 e5 2. Nf3 Nc6 3. Nc3 Nf6 4. d3 d6 5. d4 exd4 6. Nxd4 Nxd4 7. Qxd4 b6 8. e5
Nd7 9. Nd5 c6 10. Bg5 Qxg5 11. Nc7+ Kd8 12. Nxa8 Bb7 13. Nxb6 Nxb6 14. exd6 Qg6
15. Rd1 Qxc2 16. d7 Qxb2 17. Qxb2 Na4 18. Qxb7 Nc5 19. Qc8+ Ke7 20. d8=Q# 1-0

[Event "Challenge"]
[Site "http://www.queenalice.com/game.php?id=495175"]
[Date "2008.11.18"]
[Round "-"]
[White "borisp"]
[Black "Tailor_Raniere_Waiandt"]
[Result "1-0"]
[WhiteElo "1755"]
[BlackElo "1216"]

1. e4 e5 2. Nf3 Nc6 3. d4 Bb4+ 4. c3 Bf8 5. d5 Na5 6. Nxe5 Bd6 7. Nc4 Nxc4 8.
Bxc4 Nf6 9. Qf3 c6 10. dxc6 dxc6 11. h3 h6 12. O-O Qe7 13. Re1 O-O 14. b4 b6 15.
Bf4 Bxf4 16. Qxf4 Be6 17. e5 Bxc4 18. Qxc4 Nh5 19. Nd2 Qg5 20. Nf3 a6 21. Nxg5
hxg5 22. Qxc6 Rac8 23. Qf3 a5 24. Qxh5 1-0